|
|
|
|
| LEADER |
00000nam a2200000 a 4500 |
| 001 |
vtls001385160 |
| 003 |
SK-MaSNL |
| 005 |
20260301161453.0 |
| 008 |
160415s1998 xo abb r yy 0 slo |
| 015 |
|
|
|a SNBE2000/02-00647
|
| 020 |
|
|
|a 8088851076
|
| 035 |
|
|
|a SNK000339284
|
| 040 |
|
|
|a SNK
|b slo
|c SNK
|e AACR2
|
| 041 |
0 |
|
|a slo
|
| 044 |
|
|
|a xo
|c SK
|
| 080 |
|
|
|a 73/76:061.4(083.9)
|2 1981
|
| 080 |
|
|
|a 069.6.02:73/76
|2 1981
|
| 110 |
2 |
|
|a Tatranská galéria (Poprad, Slovensko)
|4 aut
|9 29844
|
| 245 |
1 |
|
|a Odkryté hodnoty
|b osem desaťročí slovenského umenia v zbierkach Tatranskej galérie Poprad 22.12.1998-31.1.1999
|c koncepcia Jitka Ha aková ; grafická úprava Zdenka Kovalčíková, Anna Ondrušeková
|
| 260 |
|
|
|a Poprad
|b Tatranská galéria
|c 1998
|
| 300 |
|
|
|a 1 skladačka ([6] s.)
|b fareb. fotoreprod., mp.
|c 21x10 cm
|
| 505 |
1 |
|
|a Katalóg obsahuje aj pozvánku na vernisáž
|
| 610 |
0 |
7 |
|a Tatranská galéria (Poprad, Slovensko)
|2 SNK
|9 29844
|
| 611 |
1 |
7 |
|a Tatranská galéria (Poprad, Slovensko)
|2 SNK
|9 300343
|
| 650 |
0 |
7 |
|a umenie výtvarné
|x výstavy
|x katalógy
|2 SNK
|9 297792
|
| 651 |
|
7 |
|a Poprad (Slovensko : okres)
|2 SNK
|9 28675
|
| 655 |
|
7 |
|a katalógy výstav
|2 SNK
|9 70445
|
| 700 |
1 |
|
|a Haaková, Jitka,
|d 1943-
|4 aud
|9 114608
|
| 700 |
1 |
|
|a Kovalčíková, Zdenka
|4 gup
|
| 700 |
1 |
|
|a Ondrušeková, Anna
|4 gup
|9 13952
|
| 919 |
|
|
|a 80-88851-07-6
|
| 958 |
|
|
|a TL
|
| 999 |
|
|
|c 809576
|d 811506
|
| 952 |
|
|
|t P60, <09>, [BOOK], {629}
|a SNK
|b SNK
|y NEVYP
|7 0
|o snkC 175
|i snk373/20000320
|0 0
|1 0
|4 0
|d 2000-03-17
|l 0
|r 2005-01-02 00:00:00
|w 2026-02-24
|
| 952 |
|
|
|t P60, <03>, [BOOK], {603}
|a SNK
|b SNK
|y PREZ
|7 0
|p 17A0232355
|o snkOSC 20594
|i snkKSP 3028/2000
|0 0
|1 0
|4 0
|d 2000-03-17
|l 0
|r 2005-01-02 00:00:00
|w 2026-02-24
|
| 952 |
|
|
|t P60, <04>, [BOOK], {604}
|a SNK
|b SNK
|y VYP
|7 0
|p 17A0232356
|o snkOSC 20594 D1
|i snkKSP 3029/2000
|0 0
|1 0
|4 0
|d 2000-03-17
|l 0
|r 2005-01-02 00:00:00
|w 2026-02-24
|